| 000 | 00735nam a22001817a 4500 | ||
|---|---|---|---|
| 008 | 100801t xxu||||| |||| 00| 0 ara d | ||
| 082 |
_222 _a199.492 _bس ب ي |
||
| 100 | 1 |
_916925 _aسبينوزا |
|
| 245 |
_aرسالة في اللاهوت والسياسة / _cسبينوزا ؛ ترجمة وتقديم حسن حنفى ؛ مراجعة فؤاد زكريا |
||
| 260 |
_a[د . م] _bدار وهدان ، _c[د . ت] |
||
| 300 |
_a457 ص ؛ _c24 سم. |
||
| 504 | _aيحتوى على إرجاعات ببليوجرافية | ||
| 541 |
_aألف باء ؛ _cشراء ؛ |
||
| 650 |
_915104 _aالفلسفة الغربية |
||
| 650 |
_911305 _aاللاهوت، علم |
||
| 650 |
_914195 _aالدين والفلسفة |
||
| 942 |
_2ddc _cBB |
||
| 999 |
_c14583 _d14583 |
||